Sustainable supplier management in the automotive industry (Record no. 164154)
[ view plain ]
| 000 -LEADER | |
|---|---|
| fixed length control field | 01950nam a2200385 a 4500 |
| 082 04 - DEWEY DECIMAL CLASSIFICATION NUMBER | |
| Classification number | 629.222068/7 |
| 100 1# - MAIN ENTRY--AUTHOR NAME | |
| Personal name | Binder, Mario. |
| 245 10 - TITLE STATEMENT | |
| Title | Sustainable supplier management in the automotive industry |
| 260 ## - PUBLICATION, DISTRIBUTION, ETC. (IMPRINT) | |
| Place of publication | Hauppauge, N.Y. : |
| Name of publisher | Nova Science Publishers, |
| Year of publication | c2010. |
| 300 ## - PHYSICAL DESCRIPTION | |
| Number of Pages | xiv, 144 p. : |
| Other physical details | ill. |
| 490 1# - SERIES STATEMENT | |
| Series statement | Transportation issues, policies and R&D |
| 505 0# - FORMATTED CONTENTS NOTE | |
| Formatted contents note | Introduction -- The collaborative economy -- The need for sustainable inter-organisational R&D collaboration in the car industry -- Theoretical perspectives of inter-organisational relationship governance -- An empirical study on inter-organisational R&D collaboration in the car industry -- A conceptual framework for sustainable supplier management -- Practical implications : leading the 3rd revolution -- Conclusion. |
| 650 #0 - SUBJECT ADDED ENTRY--TOPICAL TERM | |
| Topical Term | Automobile industry and trade. |
| Topical Term | Business logistics. |
| Topical Term | Strategic planning. |
| Topical Term | Business networks. |
| 700 1# - ADDED ENTRY--PERSONAL NAME | |
| Personal name | Clegg, Ben. |
| 856 40 - ELECTRONIC LOCATION AND ACCESS | |
| Uniform Resource Identifier | http://site.ebrary.com/lib/rucke/Doc?id=10675131 |
No items available.
